Normal view
MARC view
Entry Personal Name
001 - CONTROL NUMBER
- control field: 48468
003 - CONTROL NUMBER IDENTIFIER
- control field: dpl
005 - DATE AND TIME OF LATEST TRANSACTION
- control field: 20120605172627.0
008 - FIXED-LENGTH DATA ELEMENTS
- fixed length control field: 120605|||a|||||| | ||| d
040 ## - CATALOGING SOURCE
- Original cataloging agency: dpl
- Transcribing agency: dpl
100 ## - HEADING--PERSONAL NAME
- Personal name: Gupta, S.L.
670 ## - SOURCE DATA FOUND
- Source citation: Work cat.: (dpl): Chaturvedi, D.D. 48416, Managerial economics :, 2012
670 ## - SOURCE DATA FOUND
- Source citation: Work cat.: (dpl): Chaturvedi, D.D. 48416, Managerial economics :, 2012
